Assessing program effectiveness in an institution with a diverse student body (Record no. 62889)

MARC details
000 -CABECERA
campo de control de longitud fija 00666nam a2200217 a 4500
005 - FECHA Y HORA DE LA ÚLTIMA TRANSACCIÓN
campo de control 20210219152900.0
008 - ELEMENTOS DE LONGITUD FIJA--INFORMACIÓN GENERAL
campo de control de longitud fija 991125n 000 0 eng u
035 ## - NÚMERO DE CONTROL DEL SISTEMA
Número de control de sistema UPN01000065040
100 ## - ASIENTO PRINCIPAL--NOMBRE PERSONAL
Nombre de persona Garcia, Mildred
222 ## - TÍTULO CLAVE
Título clave NEW DIRECTIONS FOR INSTITUTIONAL RESEARCH
245 ## - MENCIÓN DE TÍTULO
Título Assessing program effectiveness in an institution with a diverse student body
300 ## - DESCRIPCIÓN FÍSICA
Extensión 69-76
362 ## - FECHAS DE PUBLICACIÓN Y/O DESIGNACIÓN SECUENCIAL
Fecha de publicación y/o designación secuencial 1990 No. 65, 1990
653 0# - TERMINO DE INDIZACION - NO CONTROLADO
Término no controlado EVALUACION DE PROGRAMAS
653 0# - TERMINO DE INDIZACION - NO CONTROLADO
Término no controlado EVALUACION DEL ESTUDIANTE
653 0# - TERMINO DE INDIZACION - NO CONTROLADO
Término no controlado GRUPOS MINORITARIOS
653 0# - TERMINO DE INDIZACION - NO CONTROLADO
Término no controlado PARTICIPACION DEL ESTUDIANTE
653 0# - TERMINO DE INDIZACION - NO CONTROLADO
Término no controlado RESULTADOS DE LA EDUCACION
904 ## - ELEMENTOS DE DATOS D LOCAL, LDD (RLIN)
a AC
b 002851
905 ## - TIPO DE MATERIAL
Tipo de material Articulo

No items available.